| 000 | 00760cam a22002653a 4500 | ||
|---|---|---|---|
| 001 | 2086 | ||
| 003 | PGUSA | ||
| 005 | 20140828083010.0 | ||
| 008 | 000201s2000||||xxu|||||s|||||000 1 eng d | ||
| 040 |
_aPGUSA _beng |
||
| 042 | _adc | ||
| 050 | 4 | _aPZ | |
| 050 | 4 | _aPR | |
| 100 | 1 |
_aLucas, E. V. _q(Edward Verrall), _d1868-1938 |
|
| 245 | 1 | 4 |
_aThe Slowcoach _h[electronic resource] / _cE. V. Lucas |
| 260 |
_bProject Gutenberg, _c2000 |
||
| 506 | _aPublic domain in the USA. | ||
| 516 | _aElectronic text | ||
| 653 | _aVacations -- Juvenile fiction | ||
| 653 | _aBrothers and sisters -- Juvenile fiction | ||
| 653 | _aCaravans -- Juvenile fiction | ||
| 830 | 0 |
_aProject Gutenberg _v2086 |
|
| 856 | 4 | 0 | _uhttp://www.gutenberg.org/ebooks/2086 |
| 942 | _cEB | ||
| 999 |
_c231425 _d231425 |
||